Medical-surgical nursing : (Record no. 8352)
[ view plain ]
| 000 -LEADER | |
|---|---|
| fixed length control field | 00819nam a22001817a 4500 |
| 008 - FIXED-LENGTH DATA ELEMENTS--GENERAL INFORMATION | |
| fixed length control field | 190930b ||||| |||| 00| 0 eng d |
| 020 ## - INTERNATIONAL STANDARD BOOK NUMBER | |
| International Standard Book Number | 978032306580 |
| 082 ## - DEWEY DECIMAL CLASSIFICATION NUMBER | |
| Classification number | 617.023 LEW |
| 100 ## - MAIN ENTRY--PERSONAL NAME | |
| Personal name | Lews, Sharon L |
| 245 ## - TITLE STATEMENT | |
| Title | Medical-surgical nursing : |
| Remainder of title | assessment and management of clinical problems |
| 250 ## - EDITION STATEMENT | |
| Edition statement | 8th ed. |
| 260 ## - PUBLICATION, DISTRIBUTION, ETC. | |
| Place of publication, distribution, etc. | St. Louis, Mo. : |
| Name of publisher, distributor, etc. | Mosby, |
| Date of publication, distribution, etc. | 2011. |
| 300 ## - PHYSICAL DESCRIPTION | |
| Extent | xxxi, I-84 p. |
| Dimensions | 28 cm. |
| 500 ## - GENERAL NOTE | |
| General note | Originally published: 2011.<br/>Bibliography note: Includes bibliographical references and index. |
| 650 ## - SUBJECT ADDED ENTRY--TOPICAL TERM | |
| Topical term or geographic name entry element | Nursing; Surgical nursing; Nursing Care; Nursing Assessment; Perioperative Nursing; MEDICAL -- Surgery -- General; Nursing; Surgical nursing; Verpleging; Chirurgie (geneeskunde); Electronic books; |
| 700 ## - ADDED ENTRY--PERSONAL NAME | |
| Personal name | Shannon Ruff Dirksen, Margaret M. Heitkemper, Linda Bucher. |
| 942 ## - Added entry Elements (Koha) | |
| Source of classification or shelving scheme | Dewey Decimal Classification |
| Withdrawn status | Lost status | Source of classification or shelving scheme | Damaged status | Not for loan | Collection code | Home library | Current library | Shelving location | Date acquired | Serial Enumeration / chronology | Total Checkouts | Total Renewals | Full call number | Barcode | Checked out | Date last seen | Date last checked out | Price effective from | Koha item type |
|---|---|---|---|---|---|---|---|---|---|---|---|---|---|---|---|---|---|---|---|
| Dewey Decimal Classification | Fac res | RTC Library | RTC Library | Faculty reserve | 30/09/2019 | 14341 | 14 | 5 | 617.023 LEW | 30014803 | 01/09/2026 | 02/02/2026 | 02/02/2026 | 30/09/2019 | Faculty Reserve | ||||
| Dewey Decimal Classification | Main TEST | RTC Library | RTC Library | Main opac | 30/09/2019 | 14339 | 14 | 11 | 617.023 LEW | 30014790 | 28/05/2024 | 27/07/2022 | 30/09/2019 | Main | |||||
| Dewey Decimal Classification | Main TEST | RTC Library | RTC Library | Main opac | 30/09/2019 | 14340 | 17 | 20 | 617.023 LEW | 30014798 | 20/05/2026 | 05/05/2026 | 05/05/2026 | 30/09/2019 | Main |